01306 a2200157 45000010006000000050017000060080041000230030015000640400040000790800079001192450034001982640057002323000019002895050816003081000024011242253620260407155516.0260407a1975 arg spa dAR-UNSa-BCEJYS aAR-UNSa-BCEJYSbspacAR-UNSa-BCEJYS a336.226.3xImpuestos por el uso de los ingresos. Impuestos al consumo. IVA10aEl impuesto al valor agregado 1aBuenos Aires :bEdiciones Contabilidad Modernac1975 a758 p.c23 cm. a1. Teoria general del impuesto - 2. Origen y expanción del IVA - 3. Antecedentes nacionales - 4. Objeto del impuesto - 5. Análisis comparativo.El objeto en el impuesto a las ventas - 6. Sujeto del impuesto - 7. Análisis comparativo.El sujeto en el impuesto a la venta - 8. Excenciones - 9. Análisis comparativo. Las excenciones en el impuesto a las ventas - 10. Determinación del impuesto(regimen general) - 11. Análisis comparativo.Regimen general de determinación en impuesto a las ventas - 12. Determianación del impuesto(cuestiones especiales) - 13. Análisis comparativo.Determinación del impuesto a las ventas(cuestiones especials)- 14. Contabilidad fiscal y obligaciones del contribuyente - 15. Liquidación y pago del impuesto y problema de transición - 16. Ejercicios - Apendice. 1 aReig, Enrique Jorge